00836cam a22002173a 450000100060000000300060000600500170001200800410002904000150007004200070008505000070009210000300009924501930012926000290032250600300035151600200038165300740040165300720047583000290054785600420057615972PGUSA20140828083336.0050603s2005||||xxu|||||s|||||000 | eng d aPGUSAbeng adc 4aDT1 aJacson, Mainwaring George14aThe Record of a Regiment of the Line :bBeing a Regimental History of the 1st Battalion Devonshire Regiment during the Boer War 1899-1902h[electronic resource] /cMainwaring George Jacson bProject Gutenberg,c2005 aPublic domain in the USA. aElectronic text aSouth African War, 1899-1902 -- Regimental histories -- Great Britain aGreat Britain. Army -- Infantry. Devonsire Regiment (1st Battalion) 0aProject Gutenbergv1597240uhttp://www.gutenberg.org/ebooks/15972